| 000 | 00879nam a22002417a 4500 | ||
|---|---|---|---|
| 005 | 20240530110437.0 | ||
| 008 | 150414s2010 xxu g 000 0 eng d | ||
| 017 |
_a2010/23581 _bمصر . دار الكتب المصرية |
||
| 020 | _a9789774276519 | ||
| 040 | _aEG-CaGPL | ||
| 082 | 0 | 4 |
_221 _a813.083\ _bم أ |
| 100 | 0 | _aمحمد سلماوى | |
| 245 | 1 | 0 |
_aاجنحة الفراشة : _bالرواية التى تنبات بثورة 25 يناير / _cمحمد سلماوى |
| 250 | _aط4 | ||
| 260 |
_aالقاهرة : _bالدار المصرية اللبنانية ، _c2010. |
||
| 300 |
_a191 ص ؛ _c24 سم. |
||
| 650 | 0 | 4 | _aالقصص العربية |
| 650 | 0 | 4 | _aالادب العربى |
| 650 | 0 | 4 |
_aالقصص العربية _xثورة 25 يناير |
| 650 | 0 | 4 | _aالقصص العربية |
| 942 |
_2ddc _cBK |
||
| 999 |
_c60981 _d60981 |
||